ISO 9000: 2000. Guía para las pequeñas empresas
Furkejuvvon:
| Materiálatiipa: | Girji |
|---|---|
| Giella: | espánnjágiella |
| Almmustuhtton: |
Santiago
INN
2001
|
| Fáttát: | |
| Fáddágilkorat: |
Lasit fáddágilkoriid
Eai fáddágilkorat, Lasit vuosttaš fáddágilkora!
|
MARC
| LEADER | 00000nam a2200000 a 4500 | ||
|---|---|---|---|
| 001 | UCL3153 | ||
| 003 | CL-VaPUC | ||
| 008 | 031114e20010000CL |||||||||||||||||spa|d | ||
| 082 | 0 | 4 | |a 658.562 |b ISO |2 21 |
| 245 | 1 | 0 | |a ISO 9000: 2000. Guía para las pequeñas empresas |
| 300 | |a 172 p | ||
| 942 | |c BK | ||
| 945 | |d 20031114 00:00:00 |a cmena | ||
| 260 | |a Santiago |b INN |c 2001 | ||
| 650 | 0 | |a Control de calidad |9 259714 | |
| 650 | 0 | |a Normalización |9 262666 | |
| 650 | 7 | |a ISO 9000 |2 CL-VaPUC |9 330809 | |
| 650 | 0 | |a Administración de empresas |9 260833 | |
| 650 | 0 | |a Planificación estratégica |9 259735 | |
| 583 | |a last modification |c 20031114 00:00:00 |k Rodrigo Vera | ||
| 999 | |c 306279 |d 306277 | ||
| 952 | |0 0 |1 0 |4 0 |6 658_562000000000000_ISO_2001 |7 0 |8 A |9 371199 |a BIBALI |b BIBALI |c REF |d 2019-11-21 |i 3961281 |o 658.562 ISO 2001 |p 3961281 |r 2025-01-20 |w 2019-11-21 |y BK_F |k ALI | ||